|
|
|
|
| LEADER |
00000cam a2200000 7i4500 |
| 001 |
0000008659 |
| 005 |
20241003.0 |
| 008 |
240820 my a eng |
| 022 |
|
|
|a 1511418X
|
| 040 |
|
|
|a INS
|b eng
|e rda
|
| 090 |
0 |
0 |
|a RHG4244.66
|b .A142 2000
|
| 245 |
0 |
0 |
|a Dynaquest's stock performance guide
|
| 250 |
|
|
|a 2000 July edition
|
| 264 |
|
1 |
|a Penang :
|b Dynaquest Sdn. Bhd.
|c 2000
|
| 300 |
|
|
|a xxxvi, 626 pages :
|b illustrations ;
|c 26 cm.
|
| 336 |
|
|
|a text
|2 rdacontent
|
| 337 |
|
|
|a unmediated
|2 rdamedia
|
| 338 |
|
|
|a volume
|2 rdacarrier
|
| 650 |
|
0 |
|a Capital market
|z Malaysia
|
| 650 |
|
0 |
|a Stock companies
|z Malaysia
|x Directories
|
| 650 |
|
0 |
|a Stock
|x Prices
|z Malaysia
|
| 999 |
|
|
|a 0000007945
|b BOOK
|c Red Spot
|e Default branch
|